000 00818nam a2200181 i 4500
001 154585
003 ES-MaACL
005 20251009063056.0
008 010523s1899 sp |||| | spa d
040 _aCCPB | B
_bspa
_cCCPB | B
100 1 _aGonzález-Hontoria y Fernández Ladreda, Manuel,
_d1878-1954
_958721
245 1 4 _aLos convenios de propiedad intelectual entre España y los países ibero-americanos
_b: estudio hecho por orden del Sr. Ministro de Estado /
_cpor Manuel González Hontoria.
260 _aMadrid :
_b[s.n.],
_c1899 (
_ftipografía de Tomás Minuesa de los Ríos)
300 _a38 p. ;
_c25 cm.
650 0 7 _aPropiedad intelectual
_2embne
_916488
852 _aES-MaACL
_jT-917-F-6
_z-- Enc. hol., conservando la cub. original
_z-- Enc. en un vol. facticio
999 _c154585
_d154585